Statistics for Top 50 Charting Hip-Hop/R&B Artists in 2016

Click here to take the quiz!

General Stats

  • This quiz has been taken 103 times
  • The average score is 13 of 50

Answer Stats

#Artist% Correct
1Drake
96%
14Kendrick Lamar
71%
12Kanye West
68%
33Nicki Minaj
58%
3Rihanna
58%
32J. Cole
49%
5Future
47%
25Lil Uzi Vert
46%
10Chris Brown
45%
2Beyoncé
44%
16Travis Scott
41%
30Post Malone
36%
21Young Thug
35%
15DJ Khaled
33%
43Chance The Rapper
32%
36Gucci Mane
31%
29Lil Yachty
31%
342 Chainz
29%
4The Weeknd
28%
28Wiz Khalifa
27%
35Usher
24%
7Bryson Tiller
23%
19Frank Ocean
22%
40Rick Ross
22%
31Schoolboy Q
22%
44French Montana
21%
27Rae Sremmurd
21%
6Desiigner
18%
9Fetty Wap
18%
18Logic
18%
38Ty Dolla $ign
17%
11G-Eazy
14%
45Macklemore & Ryan Lewis
14%
47YG
14%
22Yo Gotti
14%
26D.R.A.M.
10%
42The Game
10%
13Tory Lanez
10%
17Jeremih
9%
8Kevin Gates
6%
46R. Kelly
6%
49Madeintyo
4%
41PARTYNEXTDOOR
4%
24Jeezy
3%
23Kent Jones
3%
20Prince
3%
48iLoveMemphis
1%
37Kirk Franklin
0%
50Leon Bridges
0%
39Maxwell
0%

Score Distribution

Percentile by Number Answered

Percent of People with Each Score

Your Score History

You have not taken this quiz